The A to Z of Islam / (Record no. 85072)

MARC details
000 -LEADER
fixed length control field 00575nam a22001937a 4500
005 - DATE AND TIME OF LATEST TRANSACTION
control field 20140618162351.0
010 ## - LCCN (DPL NO)
LC control number ENG-110234
020 ## - INTERNATIONAL STANDARD BOOK NUMBER
International Standard Book Number 9788170945413
Terms of availability 295.00
035 ## - SYSTEM CONTROL NUMBER
System control number EN-93766
037 ## - SOURCE OF ACQUISITION
Source of stock number/acquisition DBAD/PUB
082 ## - DEWEY DECIMAL CLASSIFICATION NUMBER
Classification number 270
100 ## - MAIN ENTRY--PERSONAL NAME
Personal name Adamec, Ludwig W.
245 ## - TITLE STATEMENT
Title The A to Z of Islam /
Statement of responsibility, etc by Ludwig W.Adamec
260 ## - PUBLICATION, DISTRIBUTION, ETC. (IMPRINT)
Place of publication, distribution, etc New Delhi
Name of publisher, distributor, etc Vision Books
Date of publication, distribution, etc 2014
270 ## - ADDRESS
Address 24 Feroze Gandhi Road, Lajpat Nagar 3
City New Delhi
Postal code 110024
300 ## - PHYSICAL DESCRIPTION
Extent xxix,298p.
Dimensions 22cm(pbk)
500 ## - GENERAL NOTE
General note Includes bibliographical references
942 ## - ADDED ENTRY ELEMENTS (KOHA)
Source of classification or shelving scheme Dewey Decimal Classification
Item type English Books
Call number suffix ADM
Classification part 270
Holdings
Withdrawn status Lost status Not for loan Collection code Home library Current library Date acquired Source of acquisition Cost, normal purchase price Full call number Barcode Copy number Cost, replacement price Koha item type
    Not For Loan Non-fiction D.B.Act.Division D.B.Act.Division 12/06/2014 ENG-110234 295.00 270 ADM EN-93766 1 295.00 English Books

© Delhi Public Library
Hit Counter
free hit counter